Normal view
MARC view
- Greiff, Samuel.
Entry Meeting Name
001 - CONTROL NUMBER
- control field: 69387
003 - CONTROL NUMBER IDENTIFIER
- control field: OSt
005 - DATE AND TIME OF LATEST TRANSACTION
- control field: 20251117131918.0
008 - FIXED-LENGTH DATA ELEMENTS
- fixed length control field: 251117|| aca||aabn | a|a d
040 ## - CATALOGING SOURCE
- Original cataloging agency: OSt
111 ## - HEADING--MEETING NAME
- Meeting name or jurisdiction name as entry element: Greiff, Samuel.
- Relator term: author.
